[Event "USCL Dallas vs San Francisco"]
[Site "Internet Chess Club"]
[Date "2008.10.22"]
[Round "9"]
[White "Nip, Nicholas"]
[Black "Zorigt, Bayaraa"]
[Result "1/2-1/2"]
[WhiteElo "2207"]
[BlackElo "2217"]
[PlyCount "103"]
[EventDate "2008.??.??"]

1. e4 c5 2. Nc3 d6 3. g3 Nc6 4. Bg2 g6 5. d3 Bg7 6. Be3 Rb8 7. Qd2 b5 8. f4 b4
9. Nd1 e6 10. Ne2 Nd4 11. O-O Ne7 12. Nc1 O-O 13. c3 bxc3 14. bxc3 Nb5 15. Ne2
Qa5 16. Rc1 Bd7 17. g4 f5 18. gxf5 exf5 19. e5 Bc6 20. c4 Qxd2 21. Bxd2 Bxg2
22. Kxg2 Nd4 23. Nxd4 cxd4 24. exd6 Nc6 25. Kf3 Rfd8 26. c5 Rdc8 27. Rc4 Kf7
28. Re1 Bf6 29. Ra4 Rb5 30. Rc4 a5 31. Rc2 Nd8 32. Nb2 Rbxc5 33. Rxc5 Rxc5 34.
Nc4 Nc6 35. Rb1 Ke6 36. Rb7 h6 37. Bc1 Nd8 38. Rb1 Rc6 39. Rb5 Nf7 40. Ba3 Bd8
41. Bc5 Ra6 42. a4 g5 43. Bxd4 Nxd6 44. Re5+ Kd7 45. Bc5 Nxc4 46. dxc4 Bc7 47.
Rd5+ Ke6 48. fxg5 hxg5 49. h3 Rc6 50. Ke2 g4 51. hxg4 fxg4 52. Kf1 1/2-1/2

[Event "USCL Dallas vs San Francisco"]
[Site "Internet Chess Club"]
[Date "2008.10.22"]
[Round "9"]
[White "Zivanic, Marko"]
[Black "Friedel, Josh"]
[Result "1/2-1/2"]
[WhiteElo "2552"]
[BlackElo "2595"]
[PlyCount "214"]
[EventDate "2008.??.??"]

1. d4 Nf6 2. c4 e6 3. Nf3 b6 4. g3 Ba6 5. Nbd2 d5 6. Bg2 Bd6 7. O-O O-O 8. Qc2
Bb7 9. e4 Be7 10. e5 Ne4 11. Rd1 Na6 12. Nxe4 dxe4 13. Ne1 f5 14. exf6 Bxf6 15.
Bxe4 Bxe4 16. Qxe4 Nc5 17. Qg4 h5 18. Qxh5 Bxd4 19. Be3 Bxe3 20. Rxd8 Bxf2+ 21.
Kg2 Raxd8 22. Nf3 Bd4 23. Rd1 Bf6 24. Rxd8 Rxd8 25. b4 Nd3 26. Ng5 Bxg5 27.
Qxg5 Rd6 28. a3 Kf7 29. Qe3 c5 30. Qf3+ Ke7 31. Qg4 Kf7 32. b5 Rd4 33. Qf3+ Ke7
34. Qa8 Rd7 35. Qg8 Kd6 36. h4 Ne5 37. Qf8+ Re7 38. Qf4 Rf7 39. Qe4 Rf3 40. a4
g6 41. Qa8 Rf7 42. Qe4 Rh7 43. Qe2 Rf7 44. a5 Rd7 45. axb6 axb6 46. Qa2 Ke7 47.
Qa1 Rd4 48. Qa7+ Nd7 49. Qa8 Rxc4 50. Qh8 Nf8 51. Qg7+ Ke8 52. Kf3 Rb4 53. Qc7
Nd7 54. Qd6 Rxb5 55. Qxe6+ Kd8 56. Kf4 c4 57. Qxc4 Rf5+ 58. Ke3 Rf3+ 59. Ke2
Rxg3 60. Qf4 Rg1 61. Kf2 Rd1 62. Qg5+ Kc7 63. Qxg6 Rd6 64. Qg7 Kc6 65. h5 Nf6
66. h6 b5 67. h7 Nxh7 68. Qxh7 b4 69. Qe4+ Kc5 70. Ke3 Rd5 71. Qe7+ Kb5 72.
Qe8+ Kc5 73. Qc8+ Kb5 74. Qb7+ Kc5 75. Ke4 Rd4+ 76. Ke5 Rd3 77. Qe4 Rd7 78.
Qc2+ Kb5 79. Qc8 Rd2 80. Qe8+ Kc4 81. Qc6+ Kd3 82. Qd5+ Kc3 83. Qc5+ Kb3 84.
Ke4 Rc2 85. Qd5+ Kc3 86. Ke3 Kb2 87. Qd4+ Kb3 88. Kd3 Rc3+ 89. Kd2 Rc2+ 90. Kd1
Rc3 91. Qe4 Ka3 92. Kd2 Kb3 93. Qe6+ Ka3 94. Qa6+ Kb3 95. Kd1 Rc5 96. Qa7 Rc3
97. Qa5 Rc8 98. Qf5 Rc3 99. Qb1+ Ka3 100. Kd2 Rc5 101. Kd3 Rc8 102. Qa1+ Kb3
103. Qa5 Rc3+ 104. Kd4 Rc4+ 105. Kd3 Rc3+ 106. Kd4 Rc4+ 107. Kd3 Rc3+ 1/2-1/2

[Event "USCL Chicago vs Arizona"]
[Site "Internet Chess Club"]
[Date "2008.10.22"]
[Round "9"]
[White "Mitkov, Nikola"]
[Black "Barcenilla, Rogelio"]
[Result "0-1"]
[WhiteElo "2601"]
[BlackElo "2560"]
[PlyCount "124"]
[EventDate "2008.??.??"]

1. e4 e5 2. Bc4 Nf6 3. d3 Nc6 4. Nc3 Bb4 5. Nge2 d5 6. exd5 Nxd5 7. O-O Nxc3 8.
Nxc3 O-O 9. f4 Na5 10. Bb3 Nxb3 11. axb3 exf4 12. Bxf4 Qd4+ 13. Kh1 Bxc3 14.
bxc3 Qxc3 15. Ra4 b5 16. Re4 Qc6 17. Re7 Bh3 18. Qd2 Rac8 19. Be5 f6 20. Bd4
Rce8 21. Rfe1 Rxe7 22. Rxe7 Rd8 23. Bxa7 Ra8 24. Bg1 Ra2 25. Re2 Bg4 26. Rf2 h5
27. b4 Kf7 28. d4 Rb2 29. d5 Qd6 30. h3 Bd7 31. Qd1 Qxb4 32. Qxh5+ Kg8 33. Qe2
Rb1 34. Qe3 Rd1 35. c3 Qb1 36. Rd2 Re1 37. Re2 Rf1 38. Kh2 Qf5 39. Qd4 Rf4 40.
Qa7 Rf3 41. Re3 Rxe3 42. Bxe3 Qe5+ 43. Kg1 Qxc3 44. Bf4 b4 45. d6 b3 46. Qa8+
Kh7 47. Qe4+ f5 48. Qe7 Qd4+ 49. Be3 Qa4 50. Bc1 Qd4+ 51. Kh2 Qxd6+ 52. Qxd6
cxd6 53. Kg3 g5 54. Kf2 Kg6 55. g3 f4 56. gxf4 gxf4 57. Kf3 Kf5 58. Bb2 Bc6+
59. Kf2 Ke4 60. h4 Kd3 61. h5 Kc2 62. h6 Be4 0-1

[Event "USCL Chicago vs Arizona"]
[Site "Internet Chess Club"]
[Date "2008.10.22"]
[Round "9"]
[White "Ginsburg, Mark"]
[Black "van de Mortel, Jan"]
[Result "1-0"]
[WhiteElo "2410"]
[BlackElo "2460"]
[PlyCount "93"]
[EventDate "2008.??.??"]

1. e4 c5 2. Nf3 d6 3. d4 cxd4 4. Nxd4 Nf6 5. Nc3 g6 6. Be3 Bg7 7. f3 O-O 8. Qd2
Nc6 9. O-O-O Nxd4 10. Bxd4 Be6 11. Kb1 Qc7 12. Nd5 Bxd5 13. exd5 Rfc8 14. Rc1
Qd7 15. g4 b5 16. c4 Qb7 17. h4 bxc4 18. Bxc4 Rc7 19. b3 Rac8 20. Qb2 h5 21.
gxh5 Nxh5 22. Bxg7 Nxg7 23. h5 Rxc4 24. Rxc4 Rxc4 25. bxc4 Qxb2+ 26. Kxb2 gxh5
27. Kb3 Kh7 28. Kb4 Kg6 29. Kb5 Nf5 30. Ka6 Ne3 31. Kxa7 Nxc4 32. a4 e6 33. Ka6
Kg5 34. Kb5 exd5 35. a5 Nxa5 36. Kxa5 h4 37. Kb4 Kf4 38. Rxh4+ Kxf3 39. Kc3 f5
40. Kd2 f4 41. Rh6 Kg2 42. Rg6+ Kf3 43. Rxd6 Ke4 44. Ke2 f3+ 45. Kf2 d4 46. Rd8
d3 47. Rd7 1-0

[Event "USCL New York vs Carolina"]
[Site "Internet Chess Club"]
[Date "2008.11.10"]
[Round "11"]
[White "Braylovsky, Gregory"]
[Black "Simpson, Ron"]
[Result "0-1"]
[WhiteElo "2445"]
[BlackElo "2346"]
[PlyCount "52"]
[EventDate "2008.??.??"]

1. Nf3 c5 2. c4 g6 3. g3 Bg7 4. Bg2 Nc6 5. O-O Rb8 6. Nc3 a6 7. a4 e6 8. d3
Nge7 9. e4 O-O 10. Be3 Nd4 11. Ne2 Nec6 12. Nfxd4 cxd4 13. Bd2 b5 14. cxb5 axb5
15. b4 bxa4 16. Qxa4 Qb6 17. Rfb1 Bb7 18. f4 Ra8 19. Qb3 Rxa1 20. Rxa1 Rb8 21.
Ra4 Ba6 22. Qa3 Bb5 23. Ra8 Rxa8 24. Qxa8+ Bf8 25. Nc1 Qa6 26. Qe8 Qa4 0-1

[Event "USCL Boston vs Queens"]
[Site "Internet Chess Club"]
[Date "2008.11.10"]
[Round "11"]
[White "Esserman, Marc"]
[Black "Vovsha, Eli"]
[Result "1/2-1/2"]
[WhiteElo "2307"]
[BlackElo "2532"]
[PlyCount "74"]
[EventDate "2008.??.??"]

1. d4 Nf6 2. c4 e6 3. Nc3 Bb4 4. e3 b6 5. Bd3 Bb7 6. Nf3 Ne4 7. Qc2 f5 8. d5
exd5 9. O-O Bxc3 10. bxc3 dxc4 11. Bxc4 Nd6 12. Bb3 Qf6 13. e4 Nxe4 14. Re1 Kd8
15. Bf4 Re8 16. Rad1 Na6 17. Qe2 h6 18. Bd5 Kc8 19. Qc4 Nac5 20. Nd4 Ba6 21.
Qb4 c6 22. Bb3 g5 23. Bc1 Kb7 24. c4 Nd6 25. Rxe8 Rxe8 26. Bb2 Qe7 27. h3 Nxb3
28. Nxb3 Ne4 29. c5 Bb5 30. a4 a5 31. Nxa5+ bxa5 32. Qxa5 Nxf2 33. axb5 Nxd1
34. Qa6+ Kb8 35. Qb6+ Ka8 36. Qa6+ Kb8 37. Qb6+ Ka8 1/2-1/2

[Event "USCL Boston vs Queens"]
[Site "Internet Chess Club"]
[Date "2008.11.10"]
[Round "11"]
[White "Ostrovskiy, Aleksandr"]
[Black "Krasik, Ilya"]
[Result "0-1"]
[WhiteElo "2042"]
[BlackElo "2144"]
[PlyCount "100"]
[EventDate "2008.??.??"]

1. Nf3 Nf6 2. b3 d5 3. Bb2 c6 4. d3 Bg4 5. Nbd2 Nbd7 6. g3 e6 7. Bg2 Bd6 8. c4
O-O 9. O-O Qe7 10. Rc1 a5 11. Qc2 e5 12. e4 d4 13. h3 Bxf3 14. Nxf3 a4 15. Ra1
Ra7 16. Nd2 Ne8 17. f4 Nc7 18. f5 Qg5 19. Kh2 Rfa8 20. Nf3 Qd8 21. g4 Be7 22.
Kg3 Na6 23. Rfd1 Nb4 24. Qd2 Nc5 25. f6 Bd6 26. fxg7 Nbxd3 27. Nh4 Be7 28. Nf5
Bg5 29. Qc2 axb3 30. axb3 Rxa1 31. Bxa1 Bf4+ 32. Kf3 Nb4 33. Qb1 Ra3 34. Ke2
Rxb3 35. Bb2 Na4 36. Qa1 Rxb2+ 37. Kf1 b5 38. Qa3 d3 39. Kg1 Qb6+ 40. Kh1 Qf2
41. Rg1 Qc2 42. Qa1 d2 43. cxb5 Nd3 44. Rf1 d1=Q 45. Ne7+ Kxg7 46. Nf5+ Kf6 47.
g5+ Kxg5 48. h4+ Kf6 49. Ne3 Qxa1 50. Rxa1 Bxe3 0-1

[Event "USCL San Francisco vs Dallas"]
[Site "Internet Chess Club"]
[Date "2008.11.10"]
[Round "11"]
[White "Friedel, Josh"]
[Black "Zivanic, Marko"]
[Result "1/2-1/2"]
[WhiteElo "2595"]
[BlackElo "2552"]
[PlyCount "102"]
[EventDate "2008.??.??"]

1. e4 e5 2. Nf3 d6 3. d4 exd4 4. Nxd4 Nf6 5. Nc3 Be7 6. Bc4 O-O 7. O-O c6 8.
Bb3 Na6 9. Qf3 Nc5 10. h3 a5 11. Rd1 Qc7 12. Bf4 a4 13. Bc4 b5 14. Bd3 Bd7 15.
Bh2 Qb6 16. Nf5 Bxf5 17. Qxf5 b4 18. Ne2 Nxd3 19. cxd3 d5 20. e5 Ne8 21. Rac1
Rd8 22. Qg4 c5 23. Ng3 Qe6 24. Nf5 g6 25. Nxe7+ Qxe7 26. Bf4 f5 27. Qg3 Rc8 28.
Qe3 Ng7 29. Bg5 Qd7 30. Bh6 d4 31. Qf3 Qe6 32. Re1 Rfd8 33. Rc4 Rd5 34. Bxg7
Kxg7 35. Qg3 Ra8 36. f4 a3 37. b3 h6 38. Rec1 Rc8 39. Qf3 g5 40. Qg3 Kh7 41.
fxg5 Qxe5 42. Qxe5 Rxe5 43. gxh6 Kxh6 44. Kf2 Re3 45. Rxc5 Rxc5 46. Rxc5 Rxd3
47. Rc2 Kg5 48. Ke2 Rg3 49. Kf2 Rd3 50. Ke2 Rg3 51. Kf2 Rd3 1/2-1/2

[Event "USCL Boston vs Queens"]
[Site "Internet Chess Club"]
[Date "2008.11.10"]
[Round "11"]
[White "Schneider, Dmitry"]
[Black "Perelshteyn, Eugene"]
[Result "1-0"]
[WhiteElo "2508"]
[BlackElo "2615"]
[PlyCount "123"]
[EventDate "2008.??.??"]

1. e4 c5 2. Nf3 Nc6 3. d4 cxd4 4. Nxd4 g6 5. c4 Nf6 6. Nc3 d6 7. Nc2 Bg7 8. Be2
Nd7 9. Bd2 O-O 10. O-O a5 11. Qc1 Nc5 12. Bh6 Bxc3 13. Bxf8 Qxf8 14. bxc3 Nxe4
15. Qe3 Nc5 16. Nd4 Bd7 17. Rfe1 a4 18. Bf1 Re8 19. Nb5 Rc8 20. Rab1 Qg7 21.
Nd4 Re8 22. f4 f5 23. Nb5 Rc8 24. g3 Qf7 25. Rbd1 Be6 26. Nd4 Bxc4 27. Nxc6
bxc6 28. Qxe7 Bxa2 29. Rxd6 Qxe7 30. Rxe7 Bb3 31. Ra7 Ne4 32. Rdd7 Nxc3 33.
Rg7+ Kf8 34. Rxh7 Nb5 35. Rad7 Bg8 36. Rh8 Nc7 37. Bc4 Nd5 38. Ba2 Rb8 39. h4
a3 40. h5 gxh5 41. Ra7 Rb2 42. Rxa3 Kg7 43. Rxh5 Be6 44. Bxd5 Bxd5 45. Rxf5 Kg6
46. Re5 Kf6 47. Rae3 Ra2 48. Re2 Ra1+ 49. Kf2 Ra3 50. R5e3 Ra4 51. Rd2 Rb4 52.
Re5 Rb5 53. g4 Ra5 54. Kg3 Rb5 55. g5+ Kg6 56. Kg4 Rb1 57. f5+ Kf7 58. Re3 Rg1+
59. Kf4 Rf1+ 60. Ke5 Rg1 61. g6+ Kg7 62. Rh2 1-0

[Event "USCL Miami vs Seattle"]
[Site "Internet Chess Club"]
[Date "2008.11.10"]
[Round "11"]
[White "Serper, Gregory"]
[Black "Lopez, Bruci"]
[Result "1-0"]
[WhiteElo "2592"]
[BlackElo "2486"]
[PlyCount "65"]
[EventDate "2008.??.??"]

1. c4 g6 2. g3 Bg7 3. Bg2 Nf6 4. e4 d6 5. Ne2 e5 6. Nbc3 Nc6 7. d3 O-O 8. O-O
Nh5 9. Nd5 f5 10. exf5 Bxf5 11. h3 Be6 12. g4 Nf6 13. Bg5 Ne7 14. f4 c6 15.
Nxe7+ Qxe7 16. f5 gxf5 17. gxf5 Bf7 18. Nc3 d5 19. cxd5 Qc5+ 20. Kh1 cxd5 21.
Qf3 Rad8 22. Qg3 Qd6 23. Qh4 a6 24. Rg1 Kh8 25. Bf3 Rd7 26. Rg2 b5 27. Rag1 Ng8
28. a3 Rb7 29. Qg3 Nf6 30. d4 Nh5 31. Bxh5 Bxh5 32. f6 Rxf6 33. dxe5 1-0

[Event "USCL Miami vs Seattle"]
[Site "Internet Chess Club"]
[Date "2008.11.10"]
[Round "11"]
[White "May, Andy"]
[Black "Prilleltensky, Matan"]
[Result "0-1"]
[WhiteElo "2134"]
[BlackElo "2116"]
[PlyCount "106"]
[EventDate "2008.??.??"]

1. e4 e5 2. Nf3 Nc6 3. d4 exd4 4. Bc4 Nf6 5. e5 Ng4 6. Qe2 Qe7 7. Bf4 d6 8.
exd6 Qxe2+ 9. Bxe2 Bxd6 10. Bxd6 cxd6 11. Na3 Nge5 12. Nb5 d3 13. cxd3 Ke7 14.
Kd2 Rd8 15. Rhe1 Kf8 16. Nfd4 a6 17. Nxc6 bxc6 18. Nc3 Rb8 19. b3 Rb4 20. g3 g5
21. Ne4 g4 22. Nf6 Bf5 23. Kc3 c5 24. h3 gxh3 25. f4 Nc6 26. g4 Bc8 27. f5 Nd4
28. Nxh7+ Kg7 29. Ng5 Re8 30. Kd2 h2 31. Ne4 Bb7 32. Nxd6 Rxe2+ 33. Rxe2 Nxe2
34. Nxb7 Ng1 35. Nxc5 h1=Q 36. Kc3 Ne2+ 37. Kxb4 Qxa1 38. Ka5 Qxa2+ 39. Kb6 a5
40. Kb5 Nd4+ 41. Kc4 Nxb3 42. Kc3 Nxc5 43. Kd4 Nd7 44. g5 a4 45. Kc3 a3 46. d4
Qb2+ 47. Kc4 a2 48. Kd5 a1=Q 49. Kd6 Qb6+ 50. Ke7 Qa3+ 51. Ke8 Qb7 52. f6+ Kg6
53. d5 Qf8# 0-1

[Event "USCL Miami vs Dallas"]
[Site "Internet Chess Club"]
[Date "2008.11.19"]
[Round "12"]
[White "Perea, Osmany"]
[Black "Schneider, Igor"]
[Result "1/2-1/2"]
[WhiteElo "2453"]
[BlackElo "2396"]
[PlyCount "54"]
[EventDate "2008.??.??"]

1. d4 d5 2. c4 e6 3. Nf3 c6 4. Qc2 Nf6 5. g3 dxc4 6. Qxc4 b5 7. Qc2 Bb7 8. Bg2
Nbd7 9. Nc3 a6 10. Ne5 Qb6 11. Nxd7 Nxd7 12. O-O Be7 13. Be3 Qc7 14. Ne4 O-O
15. Nc5 Nxc5 16. dxc5 Rad8 17. a4 Bf6 18. axb5 axb5 19. Rad1 Bc8 20. Rd6 Bd7
21. Rfd1 Be7 22. Bf4 Qa7 23. R6d3 e5 24. Bxe5 Bf5 25. e4 Rxd3 26. Rxd3 Bg4 27.
b4 Ra8 1/2-1/2

[Event "USCL Boston vs Carolina"]
[Site "Internet Chess Club"]
[Date "2008.11.19"]
[Round "12"]
[White "Zaikov, Oleg"]
[Black "Sammour-Hasbun, Jorge"]
[Result "1/2-1/2"]
[WhiteElo "2376"]
[BlackElo "2576"]
[PlyCount "69"]
[EventDate "2008.??.??"]

1. d4 d5 2. c4 c6 3. Nf3 Nf6 4. e3 a6 5. Bd3 dxc4 6. Bxc4 e6 7. O-O c5 8. Bb3
Nc6 9. Nc3 Qc7 10. Qe2 Be7 11. dxc5 Bxc5 12. e4 Ng4 13. g3 O-O 14. Bf4 e5 15.
Nd5 Qd6 16. Be3 Nxe3 17. fxe3 Bg4 18. Qe1 Kh8 19. Rc1 f5 20. Ng5 f4 21. gxf4
exf4 22. Qh4 h5 23. Rxc5 Qxc5 24. Ne6 Qd6 25. Nxf8 Rxf8 26. exf4 Qg6 27. f5 Qh6
28. Ne7 Nxe7 29. Qxe7 Qe3+ 30. Rf2 Rc8 31. Bc4 Rxc4 32. Qe8+ Kh7 33. Qg6+ Kh8
34. Qe8+ Kh7 35. Qg6+ 1/2-1/2

[Event "USCL Boston vs Carolina"]
[Site "Internet Chess Club"]
[Date "2008.11.19"]
[Round "12"]
[White "Perelshteyn, Eugene"]
[Black "Milman, Lev"]
[Result "1/2-1/2"]
[WhiteElo "2615"]
[BlackElo "2502"]
[PlyCount "76"]
[EventDate "2008.??.??"]

1. d4 d5 2. c4 c6 3. cxd5 cxd5 4. Nc3 Nf6 5. Bg5 Ne4 6. Nxe4 dxe4 7. a3 Qd5 8.
Bh4 Nc6 9. e3 e5 10. Ne2 exd4 11. Nc3 Qa5 12. exd4 g5 13. Bg3 Bg7 14. Bc4 O-O
15. O-O Bf5 16. Qb3 Qb6 17. Qxb6 axb6 18. Bd5 Rfe8 19. Nb5 Red8 20. Nd6 Bg6 21.
Rae1 Bxd4 22. Bxe4 Bxe4 23. Nxe4 h6 24. Bc7 Rdc8 25. Bd6 Bxb2 26. f4 g4 27. f5
Kg7 28. Ng3 Rd8 29. Nh5+ Kh7 30. Be7 Rd2 31. Re4 Rd4 32. Re2 Bxa3 33. Bxa3 Rxa3
34. Re8 Rd8 35. Nf6+ Kg7 36. Nh5+ Kh7 37. Nf6+ Kg7 38. Nh5+ Kh7 1/2-1/2

[Event "USCL Boston vs Carolina"]
[Site "Internet Chess Club"]
[Date "2008.11.19"]
[Round "12"]
[White "Esserman, Marc"]
[Black "Simpson, Ron"]
[Result "1/2-1/2"]
[WhiteElo "2307"]
[BlackElo "2346"]
[PlyCount "109"]
[EventDate "2008.??.??"]

1. e4 c5 2. d4 cxd4 3. c3 dxc3 4. Nxc3 Nc6 5. Nf3 e6 6. Bc4 a6 7. O-O Nge7 8.
Bg5 f6 9. Be3 b5 10. Bb3 Ng6 11. h4 Bb7 12. h5 Nge5 13. Nxe5 Nxe5 14. f4 Nc4
15. Bxc4 bxc4 16. Qg4 Qc7 17. Rad1 Bc5 18. Bxc5 Qxc5+ 19. Rf2 Qe7 20. Rfd2 Bc6
21. Rd6 O-O 22. Qe2 f5 23. e5 Rac8 24. R1d4 Qh4 25. Rxc4 Rf7 26. Rd3 Rb8 27. b3
Be4 28. Nxe4 fxe4 29. Qxe4 Qxh5 30. Rc7 Rd8 31. g3 g5 32. Qf3 Qg6 33. Qg4 h6
34. f5 Qxf5 35. Qxf5 Rxf5 36. Rdxd7 Rxd7 37. Rxd7 Rxe5 38. Ra7 a5 39. Kf2 g4
40. a4 Rf5+ 41. Kg2 Rc5 42. Rb7 Rc2+ 43. Kg1 Rb2 44. Kf1 Kf8 45. Rh7 Rxb3 46.
Rxh6 Ke7 47. Rh5 Rxg3 48. Rxa5 Kf6 49. Kf2 Ra3 50. Ra8 Ke5 51. a5 Kf4 52. Rf8+
Ke4 53. Ra8 Kf4 54. Rf8+ Ke4 55. Ra8 1/2-1/2

[Event "USCL Boston vs Carolina"]
[Site "Internet Chess Club"]
[Date "2008.11.19"]
[Round "12"]
[White "Jones, Craig"]
[Black "Krasik, Ilya"]
[Result "0-1"]
[WhiteElo "2320"]
[BlackElo "2144"]
[PlyCount "180"]
[EventDate "2008.??.??"]

1. Nf3 d5 2. g3 Nf6 3. Bg2 Bg4 4. O-O c6 5. d4 Nbd7 6. Nbd2 e6 7. Re1 Be7 8. e4
dxe4 9. Nxe4 Nxe4 10. Rxe4 Bf5 11. Re1 O-O 12. c3 Qb6 13. Nd2 Qa6 14. b4 Nb6
15. Nb3 Qc4 16. Bd2 Qd3 17. Rc1 Qa6 18. Na5 Bd3 19. Be3 Bc4 20. Qd2 Rfd8 21. f4
Bf6 22. Qf2 Bd3 23. Red1 Rd7 24. g4 Nd5 25. Qd2 Be2 26. Bf1 Bxf1 27. Rxf1 g6
28. Bf2 Rad8 29. c4 Ne7 30. Nb3 b6 31. Be3 Qa4 32. Rf3 Bg7 33. Rcf1 Qa6 34. Qe2
Qa4 35. Qd2 Qa6 36. Qe2 Qb7 37. h4 Qc8 38. Rh3 Qa8 39. h5 Qb7 40. hxg6 hxg6 41.
Qf2 Qa6 42. Qh4 f5 43. d5 Qxc4 44. dxe6 Qxe6 45. Bf2 fxg4 46. Rg3 Rd1 47. Qxg4
Rxf1+ 48. Kxf1 Qc4+ 49. Kg2 Qe4+ 50. Qf3 Qxb4 51. f5 Rf8 52. Rg4 Qb5 53. Nd4
Bxd4 54. Bxd4 Qxf5 55. Qe2 Nd5 56. Qe4 Qxe4+ 57. Rxe4 Kf7 58. Rh4 Ke6 59. Rh7
Rf7 60. Rh8 Nf4+ 61. Kh2 Kd5 62. Bg1 c5 63. a4 Ne2 64. Rd8+ Kc4 65. Be3 Nd4 66.
Kg2 Nf5 67. Bd2 Kb3 68. a5 b5 69. Bg5 c4 70. Rb8 Nd6 71. a6 Ne4 72. Rxb5+ Ka4
73. Re5 Nxg5 74. Rxg5 Rf6 75. Rc5 Kb4 76. Rc7 Rxa6 77. Kf3 Re6 78. Rb7+ Kc3 79.
Rxa7 Kc2 80. Kf2 c3 81. Rb7 Kc1 82. Rb8 c2 83. Rb7 Rd6 84. Ke2 Re6+ 85. Kf2 Re5
86. Rb8 Kd2 87. Rd8+ Kc3 88. Rc8+ Kd3 89. Rc7 Re4 90. Kf3 Rc4 0-1

[Event "USCL Boston vs Dallas"]
[Site "Internet Chess Club"]
[Date "2008.12.06"]
[Round "13"]
[White "Zorigt, Bayaraa"]
[Black "Krasik, Ilya"]
[Result "1-0"]
[WhiteElo "2217"]
[BlackElo "2144"]
[PlyCount "73"]
[EventDate "2008.??.??"]

1. d4 Nf6 2. c4 g6 3. Nc3 Bg7 4. e4 d6 5. Nf3 O-O 6. Be2 e5 7. O-O exd4 8. Nxd4
Re8 9. f3 c6 10. Kh1 Nbd7 11. Bg5 h6 12. Bh4 Qb6 13. Nb3 Qc7 14. Qd2 g5 15. Bg3
Ne5 16. f4 gxf4 17. Bxf4 Kh7 18. Rad1 Be6 19. c5 Bxb3 20. cxd6 Qb6 21. axb3
Qxb3 22. Bxe5 Rxe5 23. Qf4 Ng8 24. Qxf7 Qxf7 25. Rxf7 b5 26. Rc7 b4 27. Na2 c5
28. Rf1 Kg6 29. Nc1 Rd8 30. Nd3 Rxe4 31. Nf4+ Rxf4 32. Rxf4 Bxb2 33. Bd3+ Kg5
34. Rf5+ Kg4 35. h3+ Kg3 36. Rf3+ Kh4 37. g3+ 1-0

[Event "USCL Blitz Tiebreak: Boston vs Dallas"]
[Site "Internet Chess Club"]
[Date "2008.12.06"]
[Round "13"]
[White "Krasik, Ilya"]
[Black "Zorigt, Bayaraa"]
[Result "0-1"]
[WhiteElo "2144"]
[BlackElo "2217"]
[PlyCount "108"]
[EventDate "2008.??.??"]

1. d4 Nf6 2. c4 e6 3. Nf3 b6 4. a3 Bb7 5. Nc3 d5 6. cxd5 exd5 7. Bg5 Be7 8. g3
O-O 9. Bg2 Nbd7 10. O-O Ne4 11. Bxe7 Qxe7 12. Qc2 Rac8 13. Qb3 c6 14. Rfd1 Nxc3
15. bxc3 Qxe2 16. Re1 Qd3 17. Re3 Qc4 18. Qxc4 dxc4 19. Re7 Rcd8 20. Rae1 c5
21. R1e3 cxd4 22. Nxd4 Bxg2 23. Kxg2 Nf6 24. Rxa7 Nd5 25. Rf3 Ra8 26. Rfxf7
Rxa7 27. Rxa7 Nxc3 28. Ne6 Rc8 29. Rxg7+ Kh8 30. Rb7 Nb5 31. Rxb6 c3 32. Nf4
Nxa3 33. Nd3 c2 34. Rb3 Nb1 35. Nc1 Nd2 36. Rd3 Nb1 37. Kf1 Kg7 38. h4 Kf6 39.
Ke2 Re8+ 40. Re3 Rd8 41. Rd3 Re8+ 42. Re3 Rd8 43. Rf3+ Ke5 44. Rd3 Rc8 45. Ke3
Nc3 46. f3 Nd5+ 47. Kd2 Nb4 48. Re3+ Kf5 49. Nb3 Rd8+ 50. Kc3 Nd5+ 51. Kd4
Nxe3+ 52. Kxe3 Rd1 53. Nd4+ Rxd4 54. Kxd4 c1=Q 0-1